Выбор технологии обработки призабойной зоне скважин на нефтяном месторождении "Белый Тигр" (Вьетнам); Проблемы геологии и освоения недр; Т. 2

書誌詳細
Parent link:Проблемы геологии и освоения недр: труды XXII Международного симпозиума имени академика М. А. Усова студентов и молодых ученых, посвященного 155-летию со дня рождения академика В.А. Обручева, 135-летию со дня рождения академика М.А. Усова, основателей Сибирской горно-геологической школы, и 110-летию первого выпуска горных инженеров в Сибири, Томск, 2-7 апреля 2018 г./ Национальный исследовательский Томский политехнический университет, Инженерная школа природных ресурсов ; под ред. А. С. Боева.— , 2018
Т. 2.— 2018.— [С. 208-209]
第一著者: Фам Ван Хоанг
団体著者: Национальный исследовательский Томский политехнический университет Инженерная школа природных ресурсов Отделение нефтегазового дела
その他の著者: Зятиков П. Н. Павел Николаевич (научный руководитель)
要約:Заглавие с экрана
言語:ロシア語
出版事項: 2018
シリーズ:Современные технологии разработки нефтяных и газовых месторождений
主題:
オンライン・アクセス:http://earchive.tpu.ru/handle/11683/51359
フォーマット: 電子媒体 図書の章
KOHA link:https://koha.lib.tpu.ru/cgi-bin/koha/opac-detail.pl?biblionumber=627947

MARC

LEADER 00000naa2a2200000 4500
001 627947
005 20231101133503.0
035 |a (RuTPU)RU\TPU\conf\28018 
035 |a RU\TPU\conf\28014 
090 |a 627947 
100 |a 20181008d2018 k y0rusy50 ca 
101 0 |a rus 
102 |a RU 
105 |a y z 100zy 
135 |a drgn ---uucaa 
181 0 |a i  
182 0 |a b 
200 1 |a Выбор технологии обработки призабойной зоне скважин на нефтяном месторождении "Белый Тигр" (Вьетнам)  |f Фам Ван Хоанг  |g науч. рук. П. Н. Зятиков 
203 |a Текст  |c электронный 
225 1 |a Современные технологии разработки нефтяных и газовых месторождений 
230 |a 1 компьютерный файл (pdf; 817 Kb) 
300 |a Заглавие с экрана 
320 |a [Библиогр.: с. 209 (2 назв.)] 
461 1 |0 (RuTPU)RU\TPU\conf\27247  |t Проблемы геологии и освоения недр  |o труды XXII Международного симпозиума имени академика М. А. Усова студентов и молодых ученых, посвященного 155-летию со дня рождения академика В.А. Обручева, 135-летию со дня рождения академика М.А. Усова, основателей Сибирской горно-геологической школы, и 110-летию первого выпуска горных инженеров в Сибири, Томск, 2-7 апреля 2018 г.  |o в 2 т.  |f Национальный исследовательский Томский политехнический университет, Инженерная школа природных ресурсов ; под ред. А. С. Боева  |d 2018 
463 1 |0 (RuTPU)RU\TPU\conf\27249  |t Т. 2  |v [С. 208-209]  |d 2018 
610 1 |a труды учёных ТПУ 
610 1 |a электронный ресурс 
610 1 |a обработка 
610 1 |a призабойные зоны 
610 1 |a нефтяные месторождения 
610 1 |a Белый Тигр 
610 1 |a Вьетнам 
610 1 |a экономическая эффективность 
610 1 |a загрязнения 
610 1 |a проницаемость 
700 0 |a Фам Ван Хоанг 
702 1 |a Зятиков  |b П. Н.  |c геолог  |c профессор Томского политехнического университета, доктор технических наук  |f 1947-  |g Павел Николаевич  |2 stltpush  |4 727 
712 0 2 |a Национальный исследовательский Томский политехнический университет  |b Инженерная школа природных ресурсов  |b Отделение нефтегазового дела  |h 8084  |2 stltpush  |3 (RuTPU)RU\TPU\col\23546 
801 2 |a RU  |b 63413507  |c 20181025  |g RCR 
856 4 |u http://earchive.tpu.ru/handle/11683/51359 
942 |c BK